000 00341 a2200133 4500
001 34112
082 _a621.3615 MON
090 _c22562
_d22562
100 _aMonaco Fred
245 _aIntroduction to microwave technology; instructor's manual
260 _aLahore
_bPAF Book Club
_c1989
300 _a41 p.
740 _asolution manual
942 _aNUST-CAE
_k621.3615 MON
999 _c269185
_d269185